[Event "IND-ch U17"]
[Site "Bhubaneswar"]
[Date "2022.07.02"]
[Round "2"]
[White "Gokulakrishna, S."]
[Black "Harsh, Suresh"]
[Result "0-1"]
[WhiteElo "1631"]
[BlackElo "2321"]
[PlyCount "120"]
[EventDate "2022.07.01"]
[EventType "swiss"]
[EventRounds "11"]
[EventCountry "IND"]
[SourceTitle "EXT 2023"]
[Source "ChessBase"]
[SourceDate "2022.10.05"]
[SourceVersion "1"]
[SourceVersionDate "2022.10.05"]
[SourceQuality "1"]

1. e4 c5 2. Nf3 g6 3. d4 cxd4 4. Nxd4 Nc6 5. c4 Nf6 6. Nc3 d6 7. f3 Nxd4 8. Qxd4 Bg7 9. Be3 0-0 10. Qd2 a5 11. Na4 Nd7 12. Qf2 Qc7 13. Rc1 Nc5 14. Nc3 f5 15. Nd5 Qd8 16. Rd1 b6 17. exf5 Bxf5 18. Bd4 Bxd4 19. Qxd4 e5 20. Qe3 Be6 21. Qd2 Ne4 22. Qh6 Bxd5 23. cxd5 Nc5 24. Be2 Ra7 25. 0-0 Raf7 26. Qe3 Qh4 27. Rc1 Qf4 28. Qxf4 Rxf4 29. Rfd1 Rb4 30. Rc2 Rbf4 31. Rc4 Rxc4 32. Bxc4 g5 33. h3 h5 34. a3 Rf4 35. Rc1 a4 36. Kf2 e4 37. Ke3 exf3 38. gxf3 Kg7 39. Bb5 Kf6 40. Be8 Rh4 41. Rh1 Ke7 42. Bg6 Kf6 43. Bc2 b5 44. Rh2 b4 45. axb4 Rxb4 46. Bd1 Nd7 47. Rd2 Nb6 48. Be2 Ke5 49. Rc2 Nxd5+ 50. Kf2 Nf4 51. Bf1 h4 52. Kg1 d5 53. Kf2 Rb3 54. Rc1 Rxb2+ 55. Kg1 a3 56. Re1+ Kd6 57. Ra1 a2 58. Kh1 Rb1 59. Rxa2 Rxf1+ 60. Kh2 Rxf3 0-1